Statistics for Largest Municipalities in LUXEMBOURG by First Letter

Click here to take the quiz!

General Stats

  • This quiz has been taken 32 times
  • The average score is 5 of 19

Answer Stats

LetterPopulationMunicipality% Correct
L116,323Luxembourg City
96%
E35,040Esch-sur-Alzette
87%
B11,003Bettembourg
52%
D26,193Differdange
52%
P18,688Petange
43%
M9,528Mamer
39%
C5,228Clervaux
26%
H15,246Hesperange
17%
J7,613Junglinster
17%
S16,780Sanem
17%
K10,294Kaerjeng
13%
W8,169Walferdange
13%
F4,612Frisange
9%
R6,278Roeser
9%
U1,867Useldange
9%
N6,156Niederanven
4%
T3,179Troisvierges
4%
G4,921Gravenmacher
0%
V2,594Vallee de l'Ernz
0%

Score Distribution

Percentile by Number Answered

Percent of People with Each Score

Your Score History

You have not taken this quiz